Compliance nas contratações públicas : (Record no. 361)

MARC details
000 -LÍDER
Campo Fixo de Controle 00901cam a2200277 a 4500
001 - NÚMERO DE CONTROLE
Campo de Controle 361
003 - IDENTIFICAÇÃO DO NÚMERO DE CONTROLE
Campo de Controle BR-CuiBMT
005 - DATA E HORA DA ÚLTIMA ATUALIZAÇÃO
Campo de Controle 20231101225047.0
008 - DADOS FIXOS
Dados Fixos 230815s2022 mgba | 000 0 por d
020 ## - INTERNATIONAL STANDARD BOOK NUMBER
Nº do ISBN 9786555182781
040 ## - AGÊNCIA CATALOGADORA
Código da Agência Catalogadora BR-CuiBMT
Agência que transcreveu o registro BR-CuiBMT
080 ## - Nº DA CLASSIFICAÇÃO DECIMAL UNIVERSAL
Nº edição CDU 2007
Nº Class. CDU 351.712.2-048.47
090 ## - NÚMERO DE CHAMADA
Nº classificação 351.712.2-048.47
Cutter C355c
100 1# - ENTRADA PRINCIPAL -- AUTOR PESSOAL
Nome pessoal Castro, Rodrigo Pironti Aguirre de,
Datas associadas ao nome 1981-
245 1# - TÍTULO PRINCIPAL
Título principal Compliance nas contratações públicas :
Subtítulo exigências e critérios normativos /
Indicação de responsabilidade Rodrigo Pironti, Mirela Miró Zillioto ; prefácio, Juarez Freitas.
250 ## - EDIÇÃO
Edição 1. reimpr.
260 ## - PUBLICAÇÃO, DISTRIBUIÇÃO, ETC.
Local de publicação Belo Horizonte :
Editora Fórum,
Data 2019
300 ## - DESCRIÇÃO FÍSICA
N. páginas ou volumes 195 p. :
Ilustrações il. ;
Dimensões 22 cm
504 ## - NOTA DE BIBLIOGRAFIA, ETC.
Nota de bibliografia Inclui bibliografia.
650 ## - ASSUNTO TÓPICO
Cabeçalho tópico ou nome geográfico Direito administrativo
650 ## - ASSUNTO TÓPICO
Cabeçalho tópico ou nome geográfico Contratações públicas
650 ## - ASSUNTO TÓPICO
Cabeçalho tópico ou nome geográfico Licitações
650 ## - ASSUNTO TÓPICO
Cabeçalho tópico ou nome geográfico Compliance
700 1# - ENTRADA SECUNDÁRIA -- NOME PESSOAL
Nome pessoal Ziliotto, Mirela Miró.
Termo de relação autor
942 ## - ELEMENTOS DE ENTRADA ADICIONAIS (KOHA)
Fonte de classificação ou esquema de arquivamento Classificação Decimal Universal
Tipo de item do Koha Livros
Holdings
Estado: removido Estado: perdido Fonte de classificação ou esquema de arquivamento Estado: danificado Indisponível para empréstimo Localização permanente Localização atual Data de aquisição Total Checkouts Número de Chamada completo Código de barras Date last seen Número do exemplar Preço efetivo a partir de Tipo de item (Koha)
    Classificação Decimal Universal     Biblioteca da Escola Superior de Contas do TCE/MT Biblioteca da Escola Superior de Contas do TCE/MT 15/08/2019   351.712.2-048.47 C355c BIBTCEMT23110051 01/11/2023 Ex. 1 01/11/2023 Livros
    Classificação Decimal Universal     Biblioteca da Escola Superior de Contas do TCE/MT Biblioteca da Escola Superior de Contas do TCE/MT 15/08/2019   351.712.2-048.47 C355c BIBTCEMT23110052 01/11/2023 Ex. 2 01/11/2023 Livros

Powered by Koha